مكتبة جامعة عجلون الوطنية

فهرس بحث المكتبة

اثر القوة التنظيمية على الإبداع الإداري للعاملين في شركات الاتصالات في الأردن، جودة حياة العمل : كمتغير معدل = The Impact of Organizational Power on Administrative Creativity for Employees' at Telecommunications Companies in Jordan, Quality of Work Life : as a Moderating Variablee (Record no. 33444)

MARC details
000 -LEADER
fixed length control field 01112nam a22001937a 4500
003 - CONTROL NUMBER IDENTIFIER
control field JO-AjAnu
005 - DATE AND TIME OF LATEST TRANSACTION
control field 20240430092508.0
008 - FIXED-LENGTH DATA ELEMENTS--GENERAL INFORMATION
fixed length control field 240407b jo ||||| |||| 00| 0 ara d
040 ## - CATALOGING SOURCE
Original cataloging agency JO-AjAnu
Transcribing agency ANU
041 #1 - LANGUAGE CODE
Language code of original ara
100 ## - MAIN ENTRY--PERSONAL NAME
Personal name المومني، هشام احمد سليمان
Relator term معد
9 (RLIN) 65345
245 #0 - TITLE STATEMENT
Title اثر القوة التنظيمية على الإبداع الإداري للعاملين في شركات الاتصالات في الأردن، جودة حياة العمل : كمتغير معدل = The Impact of Organizational Power on Administrative Creativity for Employees' at Telecommunications Companies in Jordan, Quality of Work Life : as a Moderating Variablee
Statement of responsibility, etc. / اعداد هشام احمد سليمان المومني ؛ اشراف نضال فواز القضاة
260 ## - PUBLICATION, DISTRIBUTION, ETC.
Date of publication, distribution, etc. 2023
300 ## - PHYSICAL DESCRIPTION
Extent 111 ورقة
500 ## - GENERAL NOTE
General note رسالة جامعية (ماجستير) تخصص إدارة الأعمال / جامعة عجلون الوطنية، 2023
650 7# - SUBJECT ADDED ENTRY--TOPICAL TERM
Form subdivision الابداع في الادارة
700 #0 - ADDED ENTRY--PERSONAL NAME
Personal name نضال فواز القضاة
Relator term مشرف
9 (RLIN) 65107
942 ## - ADDED ENTRY ELEMENTS (KOHA)
Source of classification or shelving scheme Library of Congress Classification
Koha item type Thesis
Suppress in OPAC No
Holdings
Withdrawn status Lost status Source of classification or shelving scheme Damaged status Not for loan Home library Current library Date acquired Total Checkouts Full call number Barcode Date last seen Price effective from Koha item type
    Library of Congress Classification     مكتبة جامعة عجلون الوطنية مكتبة جامعة عجلون الوطنية 07/04/2024   HD45.2023 A29294 07/04/2024 07/04/2024 Thesis
    Library of Congress Classification     مكتبة جامعة عجلون الوطنية مكتبة جامعة عجلون الوطنية 07/04/2024   HD45.2023 A29293 07/04/2024 07/04/2024 Thesis